[Event "FRA-ch Blitz Online Qual"]
[Site "Europe Echecs INT"]
[Date "2020.05.16"]
[Round "12"]
[White "Dincov, Ioan"]
[Black "El Baroudi, Abderrahmane"]
[Result "1-0"]
[WhiteElo "1549"]
[BlackElo "1599"]
[PlyCount "43"]
[EventDate "2020.05.16"]
[EventType "swiss (blitz)"]
[EventRounds "15"]
[EventCountry "FRA"]
[SourceTitle "CBM 196 Extra"]
[Source "ChessBase"]
[SourceDate "2020.07.31"]
[SourceVersion "1"]
[SourceVersionDate "2020.07.31"]
[SourceQuality "1"]

1. e4 e5 2. Nf3 Nc6 3. d4 exd4 4. Nxd4 Nf6 5. Nxc6 bxc6 6. e5 Qe7 7. Qe2 Nd5 8. c4 Nb6 9. Nc3 Ba6 10. b3 Qe6 11. g3 g6 12. Bg2 Bg7 13. Bf4 0-0 14. 0-0 d5 15. cxd5 Bxe2 16. dxe6 Bxf1 17. exf7+ Kh8 18. Bxc6 Ba6 19. Bxa8 Rxa8 20. e6 Bf6 21. Be5 Bxe5 22. e7 1-0

[Event "FRA-ch Blitz Online Qual"]
[Site "Europe Echecs INT"]
[Date "2020.05.16"]
[Round "15"]
[White "El Baroudi, Abderrahmane"]
[Black "Macqueron, Gregory"]
[Result "0-1"]
[WhiteElo "1599"]
[BlackElo "1927"]
[PlyCount "77"]
[EventDate "2020.05.16"]
[EventType "swiss (blitz)"]
[EventRounds "15"]
[EventCountry "FRA"]
[SourceTitle "CBM 196 Extra"]
[Source "ChessBase"]
[SourceDate "2020.07.31"]
[SourceVersion "1"]
[SourceVersionDate "2020.07.31"]
[SourceQuality "1"]

1. e4 d6 2. d4 Nf6 3. Nc3 Nbd7 4. Nf3 e5 5. dxe5 dxe5 6. Bg5 Be7 7. Bxf6 Bxf6 8. Nd5 c6 9. Nxf6+ Qxf6 10. Bd3 0-0 11. 0-0 Nc5 12. h3 Be6 13. Nh2 Rad8 14. Qe2 Nxd3 15. cxd3 Rd4 16. a3 Rfd8 17. Rad1 Bb3 18. Rd2 Qf4 19. g3 Qh6 20. Kg2 Be6 21. Ng4 Bxg4 22. hxg4 Rxe4 23. Qxe4 Qxd2 24. Qb4 Qxb4 25. axb4 Rxd3 26. Re1 f6 27. Re2 Rb3 28. f4 exf4 29. gxf4 Rxb4 30. Kf3 Kf7 31. f5 h5 32. gxh5 Rh4 33. Rd2 Ke7 34. Re2+ Kd6 35. Rd2+ Ke5 36. Rd7 Rxh5 37. Rxg7 Rh3+ 38. Kg2 Rb3 39. Rg4 0-1